Los derechos de los pueblos indígenas /
Contiene: ¿Por qué los derechos indígenas?; Derechos humanos fundamentales de los pueblos indígenas del mundo; Los pueblos indígenas hoy; Sistema jurídico indígena; Sistemas sociales indígenas contemporáneos; Aceleración de los cambios socioculturales en las regiones indígenas; Derechos humanos, der...
Salvato in:
| Altri autori: | |
|---|---|
| Natura: | Libro |
| Lingua: | spagnolo |
| Pubblicazione: |
México :
Comisión Nacional de Derechos Humanos,
2003, c2003
|
| Serie: | (Prevención de la Violencia, Atención a Grupos Vulnerables y los Derechos Humanos ;
1) |
| Soggetti: | |
| Tags: |
Nessun Tag, puoi essere il primo ad aggiungerne!!
|
MARC
| LEADER | 00000nam^a2200000^a^4500 | ||
|---|---|---|---|
| 001 | 000155999 | ||
| 005 | 20250521000000.0 | ||
| 009 | 20260310100450.464 | ||
| 020 | |a 970-644-284-7 | ||
| 037 | |a Acervo ITESO - Biblioteca | ||
| 041 | |a ESP | ||
| 082 | |a 323. 1 |b PRE V. 1 | ||
| 240 | 1 | 1 | |a [Prevención de la violencia, atención a grupos vulnerables y los derechos humanos] |
| 245 | 0 | 4 | |a Los derechos de los pueblos indígenas / |c Presen. de J.L. Soberanes Fernández. |
| 264 | 4 | |a México : |b Comisión Nacional de Derechos Humanos, |c 2003, c2003 | |
| 300 | |a 122 p. | ||
| 336 | |a texto |b txt |2 rdacontenido | ||
| 337 | |a sin mediación |b n |2 rdamedio | ||
| 338 | |a volumen |b nc |2 rdasoporte | ||
| 440 | 1 | |a (Prevención de la Violencia, Atención a Grupos Vulnerables y los Derechos Humanos ; |v 1) | |
| 520 | |a Contiene: ¿Por qué los derechos indígenas?; Derechos humanos fundamentales de los pueblos indígenas del mundo; Los pueblos indígenas hoy; Sistema jurídico indígena; Sistemas sociales indígenas contemporáneos; Aceleración de los cambios socioculturales en las regiones indígenas; Derechos humanos, derechos de los pueblos; Derechos de los pueblos indígenas: riesgos culturalistas. | ||
| 649 | |a XX | ||
| 650 | |a Indígenas - |x Condiciones Jurídicas | ||
| 650 | |a Grupos Etnicos - |x Condiciones Jurídicas | ||
| 650 | |a Minorías - |z Latinoamérica - |x Condiciones Jurídicas | ||
| 650 | |a Minorías - |x Condiciones Jurídicas | ||
| 650 | |a Diversidad Cultural - |z Latinoamérica - |x Aspectos Jurídicos | ||
| 650 | |a Diversidad Cultural - |x Aspectos Jurídicos | ||
| 650 | |a Racismo - |z Latinoamérica - |x Aspectos Jurídicos | ||
| 650 | |a Racismo - |x Aspectos Jurídicos | ||
| 650 | |a Discriminación - |z Latinoamérica - |x Aspectos Jurídicos | ||
| 650 | |a Discriminación - |x Aspectos Jurídicos | ||
| 650 | |a Derechos Humanos - |z Latinoamérica | ||
| 650 | |a Derechos Humanos | ||
| 650 | |a Derecho Indígena - |z Latinoamérica | ||
| 650 | |a Derecho Indígena | ||
| 650 | |a Derecho Constitucional - |z Latinoamérica | ||
| 650 | |a Derecho Constitucional | ||
| 650 | |a Derecho Público - |z Latinoamérica | ||
| 650 | |a Derecho Internacional Público | ||
| 700 | |a Soberanes Fernández, José Luis |e (presentación) | ||
| 910 | |a Fondo General | ||
| 920 | |a Impresos - Libros | ||
| 930 | |a Colección General | ||
| 905 | |a 101 | ||
| 901 | |a 0500083634 |b IT1 |c ACC |u 20250521 | ||
| 902 | |a https://opac.biblio.iteso.mx/vufind/Record/000155999 | ||